[Event "Nakhchivan Premium 2"]
[Site "Nakhchivan"]
[Date "2022.01.25"]
[Round "11"]
[White "Gabulov, Ilkin"]
[Black "Sevdimaliyev, Urfan"]
[Result "0-1"]
[WhiteElo "1602"]
[BlackElo "2353"]
[PlyCount "64"]
[EventDate "2022.01.14"]
[EventType "tourn"]
[EventRounds "11"]
[EventCountry "AZE"]
[SourceTitle "CBM 206 Extra"]
[Source "ChessBase"]
[SourceDate "2022.03.31"]
[SourceVersion "1"]
[SourceVersionDate "2022.03.31"]
[SourceQuality "1"]

1. d4 Nf6 2. c4 g6 3. Nc3 d5 4. cxd5 Nxd5 5. e4 Nxc3 6. bxc3 Bg7 7. Bc4 c5 8. Ne2 0-0 9. 0-0 Nc6 10. Be3 Bg4 11. f3 Na5 12. Bxf7+ Rxf7 13. fxg4 Rxf1+ 14. Kxf1 cxd4 15. cxd4 Qb6 16. Qd3 Qb2 17. Qc3 Qxc3 18. Nxc3 Rc8 19. Nd5 Kf7 20. e5 e6 21. Nf4 Rc2 22. Rc1 Nc4 23. Re1 Bh6 24. g3 Rxh2 25. Ng2 Nxe3+ 26. Rxe3 Bxe3 27. Nxe3 Rxa2 28. Nc4 Ke7 29. Nd6 a5 30. Ke1 a4 31. Kd1 Rg2 32. Nxb7 a3 0-1

[Event "Nakhchivan Premium 2"]
[Site "Nakhchivan"]
[Date "2022.01.19"]
[Round "6"]
[White "Babayev, Talib"]
[Black "Gabulov, Ilkin"]
[Result "1-0"]
[WhiteElo "2258"]
[BlackElo "1602"]
[PlyCount "71"]
[EventDate "2022.01.14"]
[EventType "tourn"]
[EventRounds "11"]
[EventCountry "AZE"]
[SourceTitle "CBM 206 Extra"]
[Source "ChessBase"]
[SourceDate "2022.03.31"]
[SourceVersion "1"]
[SourceVersionDate "2022.03.31"]
[SourceQuality "1"]

1. e4 c6 2. d4 d5 3. e5 Bf5 4. Nc3 e6 5. g4 Bg6 6. Nge2 h6 7. Be3 Nd7 8. Nf4 Bh7 9. Qe2 Bb4 10. Bg2 Qa5 11. 0-0 Ne7 12. Nh5 Rg8 13. Bd2 Qc7 14. Rac1 Bxc3 15. Bxc3 c5 16. dxc5 Qxc5 17. Qd2 Nc6 18. b4 Qc4 19. f4 Be4 20. Bxe4 Qxe4 21. b5 Ne7 22. Bd4 Nb6 23. Ng3 Qg6 24. Qe2 Nc4 25. Kh1 Kd7 26. Rcd1 Rac8 27. f5 Qg5 28. Ne4 Qh4 29. Bf2 Qh3 30. Rd3 Qxf1+ 31. Qxf1 Nxe5 32. Nc5+ Ke8 33. Rd1 b6 34. Bd4 exf5 35. Bxe5 Rxc5 36. Bd6 1-0